Vliânie strukturnyh èlementov rodaminovyh krasitelej na èffektivnost' generacii ih rastvorov

Elmentve itt :
Bibliográfiai részletek
Szerzők: Stepanov Boris Ivanovič
Rubinov A. N.
Mostovnikov V. A.
Dokumentumtípus: Cikk
Megjelent: 1974
Sorozat:Acta physica et chemica 20 No. 3
Kulcsszavak:Természettudomány, Kémia, Fizika
Online Access:http://acta.bibl.u-szeged.hu/23908
LEADER 00777nab a2200205 i 4500
001 acta23908
005 20210601151105.0
008 161017s1974 hu o 0|| rus d
022 |a 0001-6721 
040 |a SZTE Egyetemi Kiadványok Repozitórium  |b hun 
041 |a rus 
100 1 |a Stepanov Boris Ivanovič 
245 1 0 |a Vliânie strukturnyh èlementov rodaminovyh krasitelej na èffektivnost' generacii ih rastvorov  |h [elektronikus dokumentum] /  |c  Stepanov Boris Ivanovič 
260 |c 1974 
300 |a 207-213 
490 0 |a Acta physica et chemica  |v 20 No. 3 
695 |a Természettudomány, Kémia, Fizika 
700 0 1 |a Rubinov A. N.  |e aut 
700 0 1 |a Mostovnikov V. A.  |e aut 
856 4 0 |u http://acta.bibl.u-szeged.hu/23908/1/phys_chem_020_fasc_003_207-213.pdf  |z Dokumentum-elérés